| 000 | 00421nam a2200145Ia 4500 | ||
|---|---|---|---|
| 008 | 230917s9999||||xx |||||||||||||| ||und|| | ||
| 040 |
_e172721 _aMAIN |
||
| 041 | _aEnglish | ||
| 082 | _a891.432751 SA98D | ||
| 100 | _aसक्सैना अभिनेश्वर दयाल | ||
| 245 | 0 | _aधर्मयुद्द | |
| 260 |
_aदिल्ली _bसार्थक _c1998 |
||
| 300 | _a62 p. | ||
| 942 | _cHN | ||
| 999 |
_c108218 _d108218 |
||